Особенности разрушения трубчатых образцов при одноосном растяжении; Проблемы прочности; № 2

Dades bibliogràfiques
Parent link:Проблемы прочности=Strength of Materials: научно-технический журнал/ Национальная академия наук Украины (НАНУ, НАН Украины), Институт проблем прочности им. Г. С. Писаренко (ИПП).— , 1969-.— 0556-171X
№ 2.— 1974.— С. 108
Autor principal: Гуляев Г. А.
Altres autors: Максак В. И. Владислав Иванович
Idioma:rus
Publicat: 1974
Matèries:
Format: MixedMaterials Capítol de llibre
KOHA link:https://koha.lib.tpu.ru/cgi-bin/koha/opac-detail.pl?biblionumber=485058

MARC

LEADER 00000naa2a2200000 4500
001 485058
005 20231101094538.0
035 |a (RuTPU)RU\TPU\prd\152787 
035 |a RU\TPU\tpu\11183 
090 |a 485058 
100 |a 20121002a1974 k y0rusy50 ca 
101 0 |a rus 
102 |a UA 
200 1 |a Особенности разрушения трубчатых образцов при одноосном растяжении  |f Г. А. Гуляев, В. И. Максак 
461 1 |0 (RuTPU)RU\TPU\prd\1695  |x 0556-171X  |t Проблемы прочности  |l Strength of Materials  |o научно-технический журнал  |f Национальная академия наук Украины (НАНУ, НАН Украины), Институт проблем прочности им. Г. С. Писаренко (ИПП)  |d 1969- 
463 0 |0 (RuTPU)RU\TPU\prd\152786  |t № 2  |v С. 108  |d 1974 
610 1 |a трубчатые образцы 
610 1 |a одноосное растяжение 
610 1 |a разрушения 
610 1 |a труды учёных ТПУ 
700 1 |a Гуляев  |b Г. А. 
701 1 |a Максак  |b В. И.  |c российский ученый, физик  |c профессор кафедры сопротивления материалов Томского политехнического университета  |f 1936-  |g Владислав Иванович  |2 stltpush  |3 (RuTPU)RU\TPU\pers\19836 
801 1 |a RU  |b 63413507  |c 20030709  |g PSBO 
801 2 |a RU  |b 63413507  |c 20121002  |g RCR 
942 |c BK